| 000 | 00000nam##2200000za#4500 |
| 001 | 9.662967 |
| 003 | CaOODSP |
| 005 | 20210615120823 |
| 007 | ta |
| 008 | 150407|2001||||xxc||||| f|0| 0 eng|d |
| 020 | |a0-662-65904-X |
| 040 | |aCaOODSP|beng |
| 041 | |aeng |
| 041 | |afre |
| 043 | |an-cn--- |
| 086 | 1 |aJS42-97/2001-1 |
| 110 | 1 |aCanada. |bSolicitor General Canada. |
| 245 | 10|aNational consultation with victims of crime : |bhighlights and key messages |
| 260 | |aOttawa - Ontario : |bSolicitor General Canada |c2001. |
| 300 | |aEnglish text, 38p. ; |c28 cm. |
| 546 | |aBilingual |
| 563 | |aSoftcover |
| 590 | |a02-04|b2002-01-25 |
| 690 | 07|aCrime|2gcpds |
| 690 | 07|aPublic hearings|2gcpds |
| 690 | 07|aVictims|2gcpds |
| 776 | 0#|tConsultation nationale des victimes du crime : |w(CaOODSP)9.640234 |
| 776 | 0#|tNational consultation with victims of crime : |w(CaOODSP)9.696113 |
| 792 | |tConsultation nationale des victimes du crime : |efre|w(CaOODSP)9.662968 |